000
00270nam a2200121Ia 4500
100
_a
Sharma/ R.P.
942
_c
BK
654
_a
Automobile Engineering
245
_a
Automobile Engineering
260
_b
Dhanpat Rai
_a
New Delhi
_c
1980
546
_a
ENGLISH
999
_c
24418
_d
24418